| 000 | 00903nam a22002897a 4500 | ||
|---|---|---|---|
| 001 | 5327 | ||
| 003 | FISKH | ||
| 005 | 20241126115513.0 | ||
| 008 | 241126b cb ||||| |||| 00| 0 eng d | ||
| 020 | _a9780545058070 | ||
| 040 |
_aFISKH _beng _cFISKH _dFISKH |
||
| 050 | _aCT105.Z65 | ||
| 082 | _a920.02 | ||
| 100 | _aZullo, Allan | ||
| 245 |
_aTen True Tales (Teens At War) / _cby Allan Zullo |
||
| 250 | _aFirst Scholastic printing, September 2008 | ||
| 260 |
_aNew York : _bScholastic ; _c2008 . |
||
| 300 |
_a150 pages : _billustrations ; _c20 cm . |
||
| 505 | _aZ | ||
| 520 | _aReal teens risked their lives to serve their countries in wartime. You will never forget their incredible true stories ... | ||
| 521 | 8 |
_a1010
_bLexile |
|
| 521 | 8 |
_aZ
_bRaz-Plus |
|
| 650 |
_abiography _vNon-fiction |
||
| 650 |
_ahistory _vNon-fiction |
||
| 942 |
_2ddc _cBK _n0 |
||
| 999 |
_c5327 _d5327 |
||